000 00440nam a2200193Ia 4500
008 210210b1924 xxu||||| |||| 00| 0 eng d
041 _aeng
082 _a829/543
100 _aHAWTHORNE (N)
245 _aHouse of the seven gables
260 _aLondon
_bOxford University Press
_c1924
650 _athe
650 _aseven
650 _aof
650 _aHouse
650 _agables
690 _aEnglish Fiction
906 _a017143
999 _c137101
_d137101